000 00570nam a2200169 a 4500
001 000028639
005 20200930055042.0
008 110411s2005 dr 000 | spa d
040 _aDO-SdBNP
_bspa
_cBNPHU
082 _axxx
_bH542i
100 1 _aHeredia García, Carlos Dante
_955593
245 1 0 _aInterpretación psico-filosófica de la mirada / :
_bCarlos Dante Heredia García.
260 _aSanto Domingo :
_bAcademia de Ciencias de la República Dominicana,
_c2005.
300 _a51 p. ;
_c21 cm.
504 _aIncluye referencias bibliográficas.
049 _aBNPD
999 _c28131
_d28131